000 00777nam a2200217 i 4500
001 59691
003 ES-MaACL
005 20230906164100.0
007 t|
008 031030s1972 sp ||||1| spa d
245 0 0 _aEnfermedades infecciosas y parasitarias.
260 _aBarcelona :
_bEspaxs,
_c[1972]
300 _a234 p. ;
_c25 cm.
505 8 _aContiene: I.: La infección / por R. Bastin. -- II.: La fiebre / por M. Morin y M. Valleteau de Moulliac. -- III.: Enfermedades infecciosas y parasitarias / por R. Bastin, J. Frottier y J.L. Vildé
700 1 _aBastin, R.
_926374
700 1 _aMorin, M.
_983569
700 1 _aValleteau de Mouliac, M.
_9112908
700 1 _aFrottier, J.
_952755
700 1 _aVildé, J. L.
_9114853
852 _aES-MaACL
_jC-47747
_bR.84997
999 _c59691
_d59691